Hội thảo về quản lý dịch bệnh trong nuôi tôm ở ĐBSCL : (Cần Thơ, 25 - 27/08/95) = Workshop on shrimp hearth management
Bewaard in:
| Formaat: | Boek |
|---|---|
| Taal: | Undetermined |
| Gepubliceerd in: |
Cần Thơ
Trường Đại học Cần Thơ
1995
|
| Onderwerpen: | |
| Tags: |
Voeg label toe
Geen labels, Wees de eerste die dit record labelt!
|
| Thư viện lưu trữ: | Trung tâm Học liệu Trường Đại học Cần Thơ |
|---|
| LEADER | 00605nam a2200181Ia 4500 | ||
|---|---|---|---|
| 001 | CTU_160882 | ||
| 008 | 210402s9999 xx 000 0 und d | ||
| 082 | |a 639.96072 | ||
| 082 | |b H452 | ||
| 245 | 0 | |a Hội thảo về quản lý dịch bệnh trong nuôi tôm ở ĐBSCL : | |
| 245 | 0 | |b (Cần Thơ, 25 - 27/08/95) = Workshop on shrimp hearth management | |
| 260 | |a Cần Thơ | ||
| 260 | |b Trường Đại học Cần Thơ | ||
| 260 | |c 1995 | ||
| 650 | |a Shrims | ||
| 650 | |x Diseases and pets | ||
| 904 | |i Giang | ||
| 980 | |a Trung tâm Học liệu Trường Đại học Cần Thơ | ||